000 00474cam a22001337a 4500
008 180718b2006 xxu||||| |||| 00| 0 eng d
082 _aO065x54 SR57/1999-2003
245 _aSRS based abridged life tables, 1999-2003
_cby Office of the Registrar General, India
260 _aDelhi
_bThe Controller of Publications
_c2006
300 _a39+p.
440 _aSRS Analytical Studies. Report No.1 of 2006
650 _aMortality - Tables - India
700 _aOffice of the Registrar
999 _c486548
_d486548